All Professional Football Clubs in England - Statistics

General Stats
  • This quiz has been taken 114 times
  • The average score is 78 of 115
Answer Stats
Answer % Correct
Leicester City
100%
Liverpool
100%
Manchester City
100%
Arsenal
98%
Manchester United
98%
Tottenham Hotspur
98%
Aston Villa
96%
Brighton & Hove Albion
95%
Chelsea
95%
Everton
95%
Newcastle United
95%
Nottingham Forest
95%
West Ham United
95%
Southampton
93%
Wolverhampton Wanderers
93%
Bournemouth
91%
Crystal Palace
89%
Brentford
88%
Ipswich Town
88%
Fulham
86%
Leeds United
86%
Sheffield United
86%
Sheffield Wednesday
84%
Norwich City
79%
Sunderland
79%
Blackburn Rovers
77%
Burnley
77%
Derby County
77%
Cardiff City
75%
Birmingham City
73%
Bristol City
73%
Hull City
73%
Plymouth Argyle
73%
Blackpool
71%
Luton Town
71%
Swansea City
71%
Middlesbrough
70%
Oxford United
70%
Watford
70%
West Bromwich Albion
70%
Barnsley
68%
Coventry City
68%
Huddersfield Town
68%
Portsmouth
68%
Wrexham
68%
Bolton Wanderers
64%
Queens Park Rangers
64%
Stoke City
64%
Millwall
63%
AFC Wimbledon
61%
Charlton Athletic
61%
Notts County
61%
Cambridge United
57%
Milton Keynes Dons
57%
Preston North End
57%
Wigan Athletic
55%
Accrington Stanley
54%
Swindon Town
54%
Wycombe Wanderers
54%
Bradford City
52%
Bristol Rovers
50%
Crewe Alexandra
50%
Doncaster Rovers
50%
Exeter City
50%
Reading
50%
Lincoln City
48%
Northampton Town
46%
Peterborough United
46%
Rotherham United
46%
Carlisle United
45%
Newport County
45%
Colchester United
43%
Leyton Orient
43%
Salford City
43%
Tranmere Rovers
43%
Burton Albion
41%
Grimsby Town
41%
Morecambe
41%
Port Vale
39%
Cheltenham Town
36%
Crawley Town
36%
Barrow
34%
Bromley
34%
Chesterfield
34%
Harrogate Town
34%
Mansfield Town
34%
Stevenage
32%
Walsall
32%
Fleetwood Town
30%
Gillingham
30%
Stockport County
30%
Shrewsbury Town
29%
London City Lionesses
16%
Durham
13%
No matching quizzes found
Score Distribution
Percent of People with Each Score
Percentile by Number Answered
Your Score History
You have not taken this quiz